Demokratizálódás a Közel-Keleten az Arab Tavasz és Líbia példája

Bibliographic Details
Main Author: Matheisz Máté Zoltán
Other Authors: Gyene Dr. Pál
Szalai Máté
Format: Thesis
Kulcsszavak:Líbia
Közel-Kelet
Arab Tavasz
Demokrácia
Online Access:http://dolgozattar.uni-bge.hu/21127

MARC

LEADER 00000nta a2200000 i 4500
001 dolg21127
005 20200505113833.0
008 190511suuuu hu om 000 hun d
040 |a BGE Dolgozattár Repozitórium  |b hun 
041 |a hu 
100 1 |a Matheisz Máté Zoltán 
245 1 0 |a Demokratizálódás a Közel-Keleten  |b az Arab Tavasz és Líbia példája  |c Matheisz Máté Zoltán  |h [elektronikus dokumentum] 
695 |a Líbia 
695 |a Közel-Kelet 
695 |a Arab Tavasz 
695 |a Demokrácia 
700 1 |a Gyene Dr. Pál  |e ths 
700 1 |a Szalai Máté  |e ths 
856 4 0 |u http://dolgozattar.uni-bge.hu/21127/1/Szakdolgozat%20-Matheisz%20M%C3%A1t%C3%A9%20-%20v%C3%A9gleges.pdf  |z Dokumentum-elérés 
856 4 0 |u http://dolgozattar.uni-bge.hu/21127/7/Matheisz%20M%C3%A1t%C3%A9_Nyilatkozat.pdf  |z Dokumentum-elérés